Normal view
MARC view
- J and W Heathcote
Entry Corporate Name
001 - CONTROL NUMBER
- control field: 5393
003 - CONTROL NUMBER IDENTIFIER
- control field: OSt
005 - DATE AND TIME OF LATEST TRANSACTION
- control field: 20190806150242.0
008 - FIXED-LENGTH DATA ELEMENTS
- fixed length control field: 071016n| acannaabn |n ana d
040 ## - CATALOGING SOURCE
- Original cataloging agency: OSt
- Transcribing agency: OSt
110 2# - HEADING--CORPORATE NAME
- Corporate name or jurisdiction name as entry element: J and W Heathcote
670 ## - SOURCE DATA FOUND
- Source citation: Particulars, plan and conditions of sale of the important and centrally situated freehold property comprising H.M. Prison together with four dwelling houses and grounds covering an area of approximately 6 acres, 1 rood, 11 perches situate at Derby which, unless previously disposed of by Private Treaty, will be offered for sale by public auction in one lot by Messrs. J. and W. Heathcote, F.A.I. at The Mart, Exchange Buildings, Derby at 3 p.m. on Friday the 12th day of July 1929..., [1929]